01082nam a2200229Ia 4500003000900000008004100009040001600050080002800066111008000094245030400174260004700478300001000525490002700535500002600562650004100588700002900629700003000658710003800688942000700726999001500733952010400748IN-BaIIA211028s9999 xx 000 0 eng d cIIA Library a523.945(082.2)bIAU-C36 aInternational Astronomical Union ColloquiumcFranced1976 Sept. 6-10912898 4aThe energy balance and hydrodynamics of the solar chromosphere and coronabproceedings of the International Astronomical Union Colloquium No.36 held at the Faculte Des Sciences De Nice September 6-10, 1976cedited by R. M. Bonnet and P. H. Delache  aFrancebG De Bussac Clermont-Ferrandc1976 a504p. aIAU Colloquium; no. 36 aDonated by Mrs. Bappu aAstronomy and Astrophysics Thesaurus aBonnet, R. M., ed.99513 aDelache, P. H. ed.912899 aInternational Astronomical Union  cBK c7625d7625 00104070aBANbBANcGENd1983-07-21l0o523.945(082.2)/ IAU-C36p8439r2021-11-05w1983-07-21yBK